|
|
|
|
| LEADER |
00000cam a2200000 a 4500 |
| 001 |
vtls001366175 |
| 003 |
SK-MaSNL |
| 005 |
20260425231905.0 |
| 008 |
250414s1999 xo a fr 10000 slo |
| 015 |
|
|
|a SNBA1999/08-03069
|
| 020 |
|
|
|a 8096806513
|
| 035 |
|
|
|a SNK000319834
|
| 035 |
|
|
|a urn:nbn:sk:snk-amjrhs
|
| 035 |
|
|
|a urn:nbn:sk:snk:ar-008vyj
|
| 035 |
|
|
|a 859856cc-9cd2-416b-b71f-884f7cf88910
|
| 040 |
|
|
|a SNK
|b slo
|c SNK
|e AACR2
|
| 041 |
0 |
|
|a slo
|a cze
|
| 044 |
|
|
|a xo
|c SK
|
| 080 |
|
|
|a 635.1/.8(437.6)(082)=854=850
|2 1981
|
| 111 |
2 |
|
|a Celoštátna konferencia zeleninárov SR
|n (5. :
|d 1999 :
|c Nitra, Slovensko)
|4 aut
|9 79562
|
| 245 |
0 |
0 |
|a Zeleninárstvo Slovenskej republiky
|b zborník z 5. Celoštátnej konferencie zeleninárov SR s medzinárodnou účasťou konanej 9.-10. februára 1999 v Agroinštitúte Nitra
|c [zostavila: Magdaléna Valšíková]
|
| 260 |
|
|
|a [Nové Zámky
|b Výskumný ústav zeleninársky
|c 1999]
|
| 300 |
|
|
|a 123 s.
|b tab.
|c 21 cm
|
| 500 |
|
|
|a Čiast. text čes.
|
| 500 |
|
|
|a Údaj o zost. prevzatý z rubu tit. strany
|
| 650 |
0 |
7 |
|a zeleninárstvo
|2 SNKPH
|9 18424
|
| 651 |
|
7 |
|a Slovensko
|2 SNKPH
|9 14231
|
| 655 |
|
7 |
|a zborníky konferencií
|2 SNKPH
|9 70153
|
| 655 |
|
7 |
|a issue_zb
|2 SNK
|9 276493
|
| 700 |
1 |
|
|a Valšíková-Frey, Magdaléna,
|d 1947-
|4 com
|9 193550
|
| 852 |
|
|
|a Slovenská národná knižnica
|
| 919 |
|
|
|a 80-968065-1-3
|
| 954 |
|
|
|a odborná, vedecká literatúra pôvodná (slovenská)
|2 lita
|
| 954 |
|
|
|a odborná, vedecká literatúra cudzojazyčná (svetová)
|2 lita
|
| 958 |
|
|
|a ART
|
| 958 |
|
|
|a TL
|
| 958 |
|
|
|a OND
|
| 999 |
|
|
|c 721307
|d 723237
|
| 952 |
|
|
|t P60, <04>, [BOOK], {604}
|a SNK
|b SNK
|y VYP
|7 0
|p 17A0198116
|o snkSC 98991 D1
|i snkKSP 6813/99
|0 0
|1 0
|4 0
|d 1999-06-22
|l 0
|r 2005-01-02 00:00:00
|w 2026-02-23
|
| 952 |
|
|
|t P60, <03>, [BOOK], {603}
|a SNK
|b SNK
|y PREZ
|7 0
|p 17A0198115
|o snkSC 98991
|i snkKSP 6812/99
|0 0
|1 0
|4 0
|d 1999-06-22
|l 0
|r 2025-09-18 00:00:00
|w 2026-02-23
|